000
00206nam a2200085Ia 4500
008
120527s9999 xx 000 0 und d
100
_a
Smith, A. Randolph
245
_a
Challengingyour perceptions
942
_c
BK
999
_c
27585
_d
27585